[Bargueño de mesa] (Record no. 85867)

MARC details
000 -LEADER
campo de control de longitud fija 01492nkc a22002537a 4500
001 - NÚMERO DE CONTROL
campo de control 85867
005 - FECHA Y HORA DE LA ÚLTIMA TRANSACCIÓN
campo de control 20260430132336.0
007 - CAMPO FIJO DE DESCRIPCIÓN FÍSICA--INFORMACIÓN GENERAL
campo de control de longitud fija kh bb
008 - DATOS DE LONGITUD FIJA--INFORMACIÓN GENERAL
campo de control de longitud fija 260430s1900 sp ||||| |||| |0| i|spa d
040 ## - FUENTE DE CATALOGACIÓN
Centro catalogador/agencia de origen M-RABA
Lengua de catalogación spa
Centro/agencia transcriptor M-RABA
100 1# - ENTRADA PRINCIPAL--NOMBRE DE PERSONA
Nombre de persona Moreno, Vicente (
Fechas asociadas al nombre 1895-1954)
9 (RLIN) 29028
245 11 - MENCIÓN DEL TÍTULO
Título [Bargueño de mesa]
Mención de responsabilidad, etc. /Casa Moreno
Medio [Material gráfico]
260 ## - PUBLICACIÓN, DISTRIBUCIÓN, ETC.
Lugar de publicación, distribución, etc. : Madrid
Nombre del editor, distribuidor, etc. : Casa Moreno
Fecha de publicación, distribución, etc. [ca. 1900]
300 ## - DESCRIPCIÓN FÍSICA
Extensión 3 fotografías
Otras características físicas : gelatina de plata sobre papel baritado
Dimensiones , imagen 23 x 27 cm (medidas máximas)
500 00 - NOTA GENERAL
Nota general Conjunto de tres fotografías de un bargueño de mesa con decoraciones en marfil de grutescos y figuras clásicas.
500 00 - NOTA GENERAL
Nota general Sello a tinta en el reverso: "Casa Moreno, fotografía de arte. Plaza de las Cortes, 8. Madrid". Otra denominación del fotógrafo: "Fotografía de arte moreno".
500 00 - NOTA GENERAL
Nota general Originales conservados en el IPCE en el archivo Moreno.
655 #7 - TERMINO DE INDIZACIÓN--GENERO/FORMA
Datos o término principal de género/forma Fotografías de obras de arte
9 (RLIN) 75675
852 ## - LOCALIZACIÓN
Número de control de estantería Fot-842; Fot-843; Fot-844
856 ## - LOCALIZACIÓN Y ACCESO ELECTRÓNICOS
Identificador Uniforme de Recurso <a href="https://archivoybiblioteca.realacademiabellasartessanfernando.com/cgi-bin/koha/opac-retrieve-file.pl?id=bfdf91eb4e800a4a0e8da6e6ff6e8817">https://archivoybiblioteca.realacademiabellasartessanfernando.com/cgi-bin/koha/opac-retrieve-file.pl?id=bfdf91eb4e800a4a0e8da6e6ff6e8817</a>
Texto de enlace Fot-842
856 ## - LOCALIZACIÓN Y ACCESO ELECTRÓNICOS
Identificador Uniforme de Recurso <a href="https://archivoybiblioteca.realacademiabellasartessanfernando.com/cgi-bin/koha/opac-retrieve-file.pl?id=1a1efdf75e2b7fef19fe92b5a26beb56">https://archivoybiblioteca.realacademiabellasartessanfernando.com/cgi-bin/koha/opac-retrieve-file.pl?id=1a1efdf75e2b7fef19fe92b5a26beb56</a>
Texto de enlace Fot-843
856 ## - LOCALIZACIÓN Y ACCESO ELECTRÓNICOS
Identificador Uniforme de Recurso <a href="https://archivoybiblioteca.realacademiabellasartessanfernando.com/cgi-bin/koha/opac-retrieve-file.pl?id=f369ee0e7c8180a5e761533006785356">https://archivoybiblioteca.realacademiabellasartessanfernando.com/cgi-bin/koha/opac-retrieve-file.pl?id=f369ee0e7c8180a5e761533006785356</a>
Texto de enlace Fot-844
942 ## - ELEMENTOS DE ENTRADA SECUNDARIOS (KOHA)
Tipo de ítem Koha Fotografías
Suprimir en OPAC No
Holdings
Estatus retirado Estado de pérdida Fuente de la clasificación o esquema de estantería Estado de daño No para préstamo Colección Biblioteca de origen Biblioteca actual Ubicación en estantería Fecha de adquisición Total de préstamos Signatura topográfica completa Código de barras Visto por última vez Precio de reemplazo Tipo de ítem Koha
    Clasificación Decimal Dewey     Fotografía Real Academia de la Bellas Artes de San Fernando Real Academia de la Bellas Artes de San Fernando Depósito 2 30/04/2026   Fot-842 1097182 30/04/2026 30/04/2026 Fotografías
    Clasificación Decimal Dewey     Fotografía Real Academia de la Bellas Artes de San Fernando Real Academia de la Bellas Artes de San Fernando Depósito 2 30/04/2026   Fot-843 1097183 30/04/2026 30/04/2026 Fotografías
    Clasificación Decimal Dewey     Fotografía Real Academia de la Bellas Artes de San Fernando Real Academia de la Bellas Artes de San Fernando Depósito 2 30/04/2026   Fot-844 1097184 30/04/2026 30/04/2026 Fotografías

Powered by Koha